000 01397cam a22004217a 4500
003 CHAP
005 20220817043550.0
008 990805d1996 it a rn 00110 eng d
010 _a78643
011 _a79615
020 _a9251037434
035 _a89978
040 _cCHAP
082 0 4 _a639.309688
_bF3 v.9
110 2 _aFAO
245 1 0 _aFishes of the Cambodian Mekong
_c/by Walter J. Rainboth
260 _aRome :
_bFAO,
_c1996.
300 _a265 p. :
_bilus.
410 2 _aFAO
490 0 _aGuía para la identificación de especies para los fines de la pesca
_v; 9
590 _aBATCH-UPD
_b10
_c20130110
_lUCH01
_h0349
590 _aBATCH-UPD
_b10
_c20130110
_lUCH01
_h1906
590 _aBATCH-UPD
_b10
_c20130410
_lUCH01
_h0023
590 _aBATCH-UPD
_b10
_c20130410
_lUCH01
_h1551
590 _aBATCH-UPD
_b10
_c20130914
_lUCH01
_h1345
590 _aCONVERSION
_b10
_c20130109
_lUCH01
_h1344
650 1 4 _aFauna marina
_xCamboya.
_939846
650 1 4 _aPeces
_xClasificación.
_986445
650 1 4 _aRecursos marinos
_xCamboya.
_995151
650 1 4 _aRío Mekong.
_999123
700 0 _aRainboth, Walter J.
_993758
810 0 _aFAO
830 0 _aGuía para la identificación de especies para los fines de la pesca
_v; 9
_951494
901 _aBK
905 _aLilia Sánchez G.
942 _cLIBRO
949 _a639.309688 F3 v.9
_bBC
_cFAO
_d33724000734323
_eFAO1
_h96070
_i89978
_kDonaciØn
_sb
999 _c78643
_d78643